• 首页
  • 本馆介绍
  • 公告通知
  • 最新文献
  • 馆藏检索
  • 电子资源
  • 读者导购
  • 参考咨询
  • 我的图书馆
  • 登录
  • 详细信息显示
  • 放入我的书架
  • 预约/预借图书
  • 作者相关作品
  • 分类相关作品
  • 丛书相关作品
  • 出版社相关作品

书目信息

  • 表格格式
  • 工作单格式
  • 卡片格式
题名:
思考与回忆
    
 
作者: 俾斯麦 著 ;山西大学外语系 译
分册: 第一卷  
出版信息: 北京   东方出版社  1985
页数: 366页
开本: 20cm
丛书名:
单 册:
中图分类: K835.167.4
科图分类:
主题词: 历史 , 地理
电子资源:
ISBN:
000 00759nam0 2200253 45
001 0185003651
005 20060424160948.59
010    @dCNY2.45
091    @a11453.6
100    @a19960215d1985 em y0chiy0121 ea
101 1  @achi@cger
102    @aCN@b110000
105    @ay z 000yy
200 10 @a思考与回忆@Asi kao yu hui yi@h第一卷@f(德)奥托·冯·俾斯麦著@F(de)ao tuo·feng·bi si mai zhu@g山西大学外语系《思考与回忆》翻译组译
210    @a北京@c东方出版社@d1985
215    @a366页@d20cm
600  1 @a俾斯麦@bO.@x回忆录
606 0  @a历史
606 0  @a地理
690    @aK835.167.4@v4
701  1 @a俾斯麦@Abi si mai@4著
712 02 @a山西大学外语系@Ashan xi da xue wai yu xi@4译
801  0 @aCN@bTSSF@c20060424
905    @a10447@dK835.167.4@e144:1
    
    思考与回忆.第一卷/(德)奥托·冯·俾斯麦著/山西大学外语系《思考与回忆》翻译组译.-北京:东方出版社,1985
    366页;20cm
    
    
    ISBN :CNY2.45
    
●
相关链接 在E读中查询图书 在五车中查询图书 在当当中查询图书 在豆瓣中查询图书


正题名:思考与回忆     索取号:K835.167.4/144:1         预约/预借

序号 登录号 条形码 馆藏地/架位号 状态 备注
1 0157596   202262434   密集书库/ [索取号:K835.167.4/144:1] 在馆    
2 0157597   001543342   第二样本阅览室/ [索取号:K835.167.4/144:1] 在馆    
唐山师范学院图书馆 欢迎您!
大连网信软件有限公司© 版权所有